| 000 | 01064nam a2200277 a 4500 | ||
|---|---|---|---|
| 001 | 000038061 | ||
| 003 | DO-SdBNP | ||
| 005 | 20231121104623.0 | ||
| 008 | 130312s2012 dr abd 000 0 spa d | ||
| 020 | _a9789945883404 | ||
| 040 |
_aDO-SdBNP _bspa _cBNPHU |
||
| 082 | 4 |
_a339.46 _bP426d _222 |
|
| 100 | 1 |
_aPeralta, Sandy Susaña _964456 |
|
| 245 | 1 | 0 |
_aDiagnóstico de pobreza de los hogares cafetaleros de la República Dominicana / _cSandy Susaña Peralta ; prólogo, Fausto Burgos Mejía. |
| 260 |
_aSanto Domingo : _bCODOCAFE, _c2012. |
||
| 300 |
_a73 p. : _bil., gráf., mapas ; _c22 cm. |
||
| 490 | 0 |
_aEstudios socioeconómicos ; _v1 |
|
| 590 | _aInventariado, 2018/BT | ||
| 650 | 4 |
_aPobreza _zRepública Dominicana _92079 |
|
| 650 | 4 |
_aCampesinos _zRepública Dominicana _xCondiciones económicas _99402 |
|
| 650 | 4 |
_aCampesinos _zRepública Dominicana _xCondiciones sociales _964457 |
|
| 700 | 1 |
_aBurgos Mejía, Fausto _epról. _964458 |
|
| 710 | 2 |
_aConsejo Dominicano del Café _922979 |
|
| 910 | _aValidado. Control de calidad MFF | ||
| 942 |
_2ddc _cLBS1 |
||
| 999 |
_c37551 _d37551 |
||